000
00342pab a2200145 454500
008
180718b1989 xxu||||| |||| 00| 0 eng d
100
_a
Venkataramiah, E.S.
245
_a
Freedom of information
260
_c
1989
300
_a
5-11
362
_a
Apr.
650
_a
Civil Liberties
773
_a
Press Council of India Review
909
_a
5650
999
_c
5650
_d
5650